01581nas a2200241Ia 4500001001100000003001000011008004100021040002500062041001300087100002900100210003400129222003400163245007500197250001100272260005000283300001200333310001500345362003400360500040400394501011400798520040400912650002301316R248-R3409IT-CnALBA170116c99999999xx |||||||||||| ||und|| aIT-CnALBAcIT-CnALBA aITALIANO aVAGAGGINI CIPRIANO, OSB. aRIVISTA DI ASCETICA E MISTICA aRIVISTA DI ASCETICA E MISTICA 0aRIVISTA DI ASCETICA E MISTICA. N. I. ANNO VII. GENNAIO FEBBRAIO 1962.  a1a ed. a FIRENZEbFIORENTINA LIBRERIA EDITRICE c1962 a116 p.  aBIMESTRALE aFascicolo: 1 / Anno: 7 (1962) aPROLOGO PER IL 1962. LINO DA MASERO. CATERINA DA SIENA. MAZZEI M. ROSSI A. CAMINADA C. COLOSIO I. BIBLIOGRAFIA. CONTEMPLAZIONE LITURGICA ED EXTRALITURGICA. SILENZIO SECONDO LA SCUOLA MARIANISTA. DON GIUSEPPE AIREGHI PARROCO ESEMPLARE. INNO ALLA MISERICORDIA DIVINA. MOVIMENTO PRO SANCTITATE. VIRTÙ EROICHE NEI BAMBINI. ASCESI MARIANA IN PADRE FRANZI. CONGRESSO INTERNAZIONALE VOCAZIONI RELIGIOSE.  aSocietà San Paolo EM - Piazza San Paolo, 14 - 12051 ALBA (CN) (non commercial uses only) ® Copyright 2017 aPROLOGO PER IL 1962. LINO DA MASERO. CATERINA DA SIENA. MAZZEI M. ROSSI A. CAMINADA C. COLOSIO I. BIBLIOGRAFIA. CONTEMPLAZIONE LITURGICA ED EXTRALITURGICA. SILENZIO SECONDO LA SCUOLA MARIANISTA. DON GIUSEPPE AIREGHI PARROCO ESEMPLARE. INNO ALLA MISERICORDIA DIVINA. MOVIMENTO PRO SANCTITATE. VIRTÙ EROICHE NEI BAMBINI. ASCESI MARIANA IN PADRE FRANZI. CONGRESSO INTERNAZIONALE VOCAZIONI RELIGIOSE.  aASCETICA E MISTICA